| 000 | 00552cam a22001931 4500 | ||
|---|---|---|---|
| 001 | af 48003672 | ||
| 003 | DLC | ||
| 005 | 20260227110903.0 | ||
| 008 | 890524s1942 gw 000 0 ger c | ||
| 010 | _aaf 48003672 | ||
| 035 | _a(OCoLC)19760396 | ||
| 040 |
_aYale Univ. Library _cCU _dCU _dDLC |
||
| 042 | _apremarc | ||
| 050 | 0 | 0 |
_aPT2635.U77 _bD6 |
| 100 | 1 |
_aRuppel, Heinrich, _d1886-1974. |
|
| 245 | 1 | 0 |
_aDörthe Danz; _bheitere Geschichten. _cMit Umschlagbild von W. Tilcher. |
| 260 |
_aMelsungen, _bA. Bernecker, _c1942. |
||
| 300 |
_a159 p. _c19 cm. |
||
| 999 |
_c5717 _d5717 |
||